| 000 | 00552nam a2200121Ia 4500 | ||
|---|---|---|---|
| 008 | 160609s9999 xx 000 0 und d | ||
| 100 | _aDanchilla, Brian. | ||
| 245 | _aHtml5 Games Most Wanted: Build The Best Html5 Games | ||
| 245 | _cBy:Brian Danchilla, David Strauss, Egor Kuryanovich, Gatan Renaudeau, Jonas Wagner,Jonathan Bergknoff, Mathias Paumgarten, Rob Hawkes, Russell Goldenberg, Seb Lee-Delisle, Shy Shalom | ||
| 260 | _c2012 | ||
| 650 | _xGAME DESIGN AND PRODUCTION | ||
| 856 | _uhttp://file.ebook777.com/012/HtmGamMosWanBuiTheBesHtmGam.pdf | ||
| 999 |
_c295768 _d295768 |
||